000
002250000a22000970004500
100
1
_a
Kalmbach, Pedro
245
1
0
_a
As crianças e a eucaristia
300
_a
Num. 5 (Agosto, 2001), Páginas 8-10
773
0
_t
TEAR
942
_c
ANA
999
_c
55796
_d
55796